01178nam a2200205Ia 45000010005000000080041000050100009000460410014000550820017000692450178000862600027002643000007002915200007002986300016003056300016003216500016003377000025003537000038003785200556004161255241029s9999 xx 000 0 und d a1162 aEspañol a370-076-2007 0aInfluencia de los medios instruccionales en el aprendizaje de los discentes de la Escuela de Pedagogía de la Universidad Central del Este, en el Semestre Mayo-Agosto, 2007 aSan Pedro de Macorís a53 a37 aAprendizaje aPedagogía aAprendizaje easesoraBasora, Olga eautoraHerrera García, Aracelis aEl propósito principal de este estudio consistió en conocer el nivel de uso y manejo de los medios Instruccionales de la escuela de Pedagogía de la Universidad Central del Este (UCE). La investigación fue de tipo descriptiva, utilizando una muestra de 10 profesores y 90 estudiantes de Pedagogía.La conclusión reflejó que los medios utilizados para la enseñanza en la escuela de Pedagogía están acordes con los tiempos, debido a que los profesores tienen un nivel académico recomendable y se utilizan los recursos tecnológicos.